000 00471nam a2200193Ia 4500
008 151121s9999||||xx |||||||||||||| ||und||
082 _a823ред91/TAT
082 _bHNW-42527
100 _aTattersall Jill
245 _aLady Ingram's Retreat
260 _b"Collins, London"
260 _c--
300 _a192
600 _aTattersall Jill
630 _aLady Ingram's Retreat
700 _aTattersall Jill
730 _aLady Ingram's Retreat
942 _cBOOK
999 _c1231114
_d1231111